[Event "SVK-chT 1617"]
[Site "Slovakia"]
[Date "2016.12.17"]
[Round "3.3"]
[White "Peitl, Tomas"]
[Black "Antal, Gergely"]
[Result "0-1"]
[WhiteElo "2209"]
[BlackElo "2541"]
[PlyCount "76"]
[EventDate "2016.10.22"]
[EventType "team-tourn"]
[EventRounds "11"]
[EventCountry "SVK"]
[SourceTitle "CBM 177 Extra"]
[Source "ChessBase"]
[SourceDate "2017.04.27"]
[SourceVersion "1"]
[SourceVersionDate "2017.04.27"]
[SourceQuality "1"]
[WhiteTeam "Devinska Nova Ves"]
[BlackTeam "Bratislava Slovan"]
[WhiteTeamCountry "SVK"]
[BlackTeamCountry "SVK"]

1. b3 Nf6 2. Bb2 g6 3. e3 Bg7 4. Nf3 0-0 5. c4 a5 6. Nc3 d5 7. Nxd5 Nxd5 8. Bxg7 Kxg7 9. cxd5 Qxd5 10. Bc4 Qd6 11. 0-0 Nc6 12. d4 Bf5 13. d5 Nb4 14. e4 Bg4 15. Qd4+ Qf6 16. e5 Qf5 17. Ne1 c5 18. Qb2 Qe4 19. e6+ Kg8 20. h3 Bf5 21. g4 fxe6 22. gxf5 exd5 23. Be2 Rxf5 24. Bg4 Rf6 25. Qe2 Qxe2 26. Bxe2 a4 27. Ng2 Nc2 28. Rac1 axb3 29. axb3 Nd4 30. Bd1 b6 31. Ne3 e6 32. Kg2 Kf8 33. Ng4 Rf5 34. Re1 Ra2 35. Rf1 Ke7 36. Ne3 Rf8 37. Rb1 Kd6 38. Bg4 b5 0-1

[Event "SVK-chT 1516"]
[Site "Slovakia"]
[Date "2016.04.10"]
[Round "11.2"]
[White "Peitl, Tomas"]
[Black "Neugebauer, Martin"]
[Result "0-1"]
[WhiteElo "2206"]
[BlackElo "2409"]
[PlyCount "85"]
[EventDate "2015.10.10"]
[EventType "team-tourn"]
[EventRounds "11"]
[EventCountry "SVK"]
[SourceTitle "EXT 2017"]
[Source "ChessBase"]
[SourceDate "2016.10.25"]
[SourceVersion "1"]
[SourceVersionDate "2016.10.25"]
[SourceQuality "1"]
[WhiteTeam "Devinska Nova Ves"]
[BlackTeam "Stara Lubovna Angelus"]
[WhiteTeamCountry "SVK"]
[BlackTeamCountry "SVK"]

1. Nf3 Nf6 2. d4 g6 3. c4 Bg7 4. Nc3 0-0 5. e3 c5 6. Be2 d6 7. 0-0 Nc6 8. d5 Nb8 9. Qc2 a6 10. a4 e5 11. dxe6 Bxe6 12. e4 Nc6 13. Bg5 h6 14. Bh4 g5 15. Bg3 Nh5 16. Rad1 g4 17. Nh4 Nd4 18. Qd3 Qg5 19. f4 gxf3 20. Nxf3 Nxf3+ 21. Rxf3 Bg4 22. Bxd6 Rfd8 23. Qd5 Qxd5 24. Rxd5 Bxf3 25. Bxf3 Bd4+ 26. Kf1 Nf6 27. Be7 Nxd5 28. Nxd5 Re8 29. b3 Kg7 30. Nc7 Rxe7 31. Nxa8 Be5 32. g3 Re6 33. Bg4 Rf6+ 34. Ke2 a5 35. Bc8 b6 36. Bf5 h5 37. Kf3 Kf8 38. h3 Rd6 39. Ke2 Rh6 40. g4 h4 41. Kf3 Ke7 42. Ke2 Rc6 43. Ke3 0-1

[Event "SVK-chT 1415"]
[Site "Slovakia"]
[Date "2015.02.22"]
[Round "8.1"]
[White "Zetocha, Claudiu Andrei"]
[Black "Peitl, Tomas"]
[Result "1-0"]
[WhiteElo "2307"]
[BlackElo "2215"]
[PlyCount "57"]
[EventDate "2014.10.25"]
[EventType "team-tourn"]
[EventRounds "11"]
[EventCountry "SVK"]
[SourceTitle "EXT 2016"]
[Source "ChessBase"]
[SourceDate "2015.10.08"]
[SourceVersion "1"]
[SourceVersionDate "2015.10.08"]
[SourceQuality "1"]
[WhiteTeam "Bratislava Slovan"]
[BlackTeam "Devinska Nova Ves"]
[WhiteTeamCountry "SVK"]
[BlackTeamCountry "SVK"]

1. e4 e6 2. d4 d5 3. Nc3 Bb4 4. Nge2 Nf6 5. e5 Nfd7 6. a3 Be7 7. f4 c5 8. Be3 Nc6 9. Qd2 Qa5 10. dxc5 Bxc5 11. Bxc5 Qxc5 12. 0-0-0 Nb6 13. Nd4 Qxd4 14. Qxd4 Nxd4 15. Rxd4 Bd7 16. Be2 Rc8 17. Rhd1 Ke7 18. R1d2 Rc5 19. Nd1 Rhc8 20. Ne3 Be8 21. Kb1 R5c7 22. f5 Nd7 23. c4 Nxe5 24. cxd5 Rc1+ 25. Ka2 exd5 26. Nxd5+ Kf8 27. f6 R8c2 28. Rxc2 Rxc2 29. Re4 1-0

[Event "SVK-chT 1314"]
[Site "Slovakia"]
[Date "2014.03.09"]
[Round "8.4"]
[White "Mazur, Stefan"]
[Black "Peitl, Tomas"]
[Result "1/2-1/2"]
[WhiteElo "2421"]
[BlackElo "2207"]
[PlyCount "84"]
[EventDate "2013.11.09"]
[EventType "team-tourn"]
[EventRounds "11"]
[EventCountry "SVK"]
[SourceTitle "EXT 2015"]
[Source "ChessBase"]
[SourceDate "2014.11.20"]
[SourceVersion "1"]
[SourceVersionDate "2014.11.20"]
[SourceQuality "1"]
[WhiteTeam "Liptovsky Mikulas"]
[BlackTeam "Bratislava Slovan II"]
[WhiteTeamCountry "SVK"]
[BlackTeamCountry "SVK"]

1. e4 e6 2. d4 d5 3. Nc3 Bb4 4. e5 c5 5. a3 Bxc3+ 6. bxc3 Ne7 7. Nf3 Qa5 8. Bd2 Qa4 9. Qb1 c4 10. h4 Nbc6 11. h5 h6 12. g3 b5 13. Bh3 Rb8 14. 0-0 Qa5 15. Qe1 Qb6 16. a4 b4 17. a5 Qb5 18. cxb4 Nxb4 19. Qd1 Nbc6 20. Bc3 Qa6 21. Nh4 Rb5 22. f4 Nf5 23. Bxf5 exf5 24. Qe1 Be6 25. g4 Ne7 26. Qg3 g6 27. Kh2 Qc8 28. hxg6 fxg6 29. gxf5 Bxf5 30. e6 Rf8 31. Nxf5 Rxf5 32. Rae1 Kf8 33. Re5 Kg7 34. Qh4 Qf8 35. Qg4 Rxe5 36. dxe5 Qf5 37. Qh4 Rb7 38. Qf6+ Kg8 39. Rf2 Qh5+ 40. Kg2 Nf5 41. Bb4 Ne3+ 42. Kg3 Nf5+ 1/2-1/2

[Event "SVK-chT 1314"]
[Site "Slovakia"]
[Date "2014.03.08"]
[Round "7.4"]
[White "Peitl, Tomas"]
[Black "Repkova, Eva"]
[Result "1-0"]
[WhiteElo "2207"]
[BlackElo "2351"]
[PlyCount "71"]
[EventDate "2013.11.09"]
[EventType "team-tourn"]
[EventRounds "11"]
[EventCountry "SVK"]
[SourceTitle "EXT 2015"]
[Source "ChessBase"]
[SourceDate "2014.11.20"]
[SourceVersion "1"]
[SourceVersionDate "2014.11.20"]
[SourceQuality "1"]
[WhiteTeam "Bratislava Slovan II"]
[BlackTeam "Stara Lubovna"]
[WhiteTeamCountry "SVK"]
[BlackTeamCountry "SVK"]

1. Nf3 d5 2. g3 Nf6 3. Bg2 Nc6 4. d4 Bf5 5. 0-0 e6 6. c4 Be7 7. Nc3 Ne4 8. Qb3 Na5 9. Qa4+ c6 10. cxd5 Nxc3 11. bxc3 exd5 12. Nd2 b5 13. Qd1 0-0 14. a4 b4 15. Bb2 Rb8 16. Rc1 b3 17. f3 Bc2 18. Qe1 Bg5 19. e3 Re8 20. f4 Be7 21. Qe2 Bd6 22. Rfe1 f5 23. Qa6 Rb7 24. Bf3 Re6 25. Bd1 Be4 26. Be2 Rbe7 27. Bd3 c5 28. Bxe4 fxe4 29. c4 cxd4 30. cxd5 dxe3 31. Rc8 Qxc8 32. Qxc8+ Re8 33. Qc3 Rg6 34. Rxe3 Bxf4 35. Rxe4 Rf8 36. Re7 1-0

[Event "SVK-chT1W 1314"]
[Site "Slovakia"]
[Date "2014.03.01"]
[Round "8.2"]
[White "Peitl, Tomas"]
[Black "Lanc, Alois"]
[Result "0-1"]
[WhiteElo "2207"]
[BlackElo "2355"]
[PlyCount "90"]
[EventDate "2013.10.12"]
[EventType "team-tourn"]
[EventRounds "11"]
[EventCountry "SVK"]
[SourceTitle "EXT 2015"]
[Source "ChessBase"]
[SourceDate "2014.11.20"]
[SourceVersion "1"]
[SourceVersionDate "2014.11.20"]
[SourceQuality "1"]
[WhiteTeam "Devinska Nova Ves"]
[BlackTeam "Trnava Lokomotiva"]
[WhiteTeamCountry "SVK"]
[BlackTeamCountry "SVK"]

1. e4 e5 2. Nf3 Nc6 3. Bb5 a6 4. Ba4 Nf6 5. 0-0 Be7 6. Re1 b5 7. Bb3 d6 8. c3 0-0 9. h3 Nb8 10. d4 Nbd7 11. Nbd2 Bb7 12. Bc2 Re8 13. Nf1 Bf8 14. Ng3 g6 15. a4 Bg7 16. d5 Nc5 17. b4 Nxa4 18. Bxa4 bxa4 19. Qxa4 Rc8 20. Nd2 c6 21. c4 cxd5 22. cxd5 Bh6 23. Nc4 Bxc1 24. Rexc1 h5 25. f3 h4 26. Ne2 Nh5 27. Qa5 f5 28. Qxd8 Rexd8 29. Na5 Rxc1+ 30. Rxc1 Rd7 31. Kf2 Nf6 32. Ke3 Kf8 33. Rc4 Ke8 34. Nc3 fxe4 35. fxe4 Nh5 36. Na4 Nf4 37. Nb6 Rf7 38. Rc2 Kf8 39. Rb2 Rc7 40. Kf3 Kg7 41. Nbc4 Bc8 42. Nc6 Bd7 43. Nxd6 Bxc6 44. Rc2 Nxd5 45. Rc5 Nf6 0-1

[Event "SVK-chT1W 1314"]
[Site "Slovakia"]
[Date "2013.12.14"]
[Round "5.3"]
[White "Klemanic, Emil"]
[Black "Peitl, Tomas"]
[Result "0-1"]
[WhiteElo "2249"]
[BlackElo "2207"]
[PlyCount "178"]
[EventDate "2013.10.12"]
[EventType "team-tourn"]
[EventRounds "11"]
[EventCountry "SVK"]
[SourceTitle "EXT 2015"]
[Source "ChessBase"]
[SourceDate "2014.11.20"]
[SourceVersion "1"]
[SourceVersionDate "2014.11.20"]
[SourceQuality "1"]
[WhiteTeam "Modra"]
[BlackTeam "Devinska Nova Ves"]
[WhiteTeamCountry "SVK"]
[BlackTeamCountry "SVK"]

1. e4 e6 2. d3 d5 3. Nd2 Nf6 4. Ngf3 b6 5. e5 Nfd7 6. d4 c5 7. c3 Ba6 8. Bxa6 Nxa6 9. Qa4 Nab8 10. dxc5 bxc5 11. Nb3 Qc7 12. 0-0 Nc6 13. Re1 Nb6 14. Qf4 Ne7 15. Ng5 Ng6 16. Qg3 a5 17. f4 a4 18. Nd2 Ne7 19. Qh3 h6 20. Ngf3 g6 21. Nf1 Nc4 22. Ne3 Nxe3 23. Bxe3 Rb8 24. Re2 h5 25. Bf2 Bh6 26. Bh4 Bxf4 27. Bf6 Rg8 28. Qh4 Bh6 29. Qxa4+ Nc6 30. h4 Kd7 31. a3 c4 32. Rd1 Qa7+ 33. Qxa7+ Nxa7 34. Bg5 Bg7 35. Be3 Nc6 36. Bc5 Rgc8 37. Bd6 Rb7 38. Rf1 Ke8 39. Kh2 Ne7 40. Bxe7 Rxe7 41. Ng5 Rb8 42. Kg3 Rb3 43. Nf3 Reb7 44. Rff2 Bh6 45. Nd4 R3b6 46. Rc2 Be3 47. Rfe2 Bxd4 48. cxd4 Rb3+ 49. Kh2 Rd3 50. Rcd2 Rbb3 51. Kg1 Rg3 52. Re1 Rg4 53. Ra1 Rxh4 54. a4 Rb7 55. a5 Kd7 56. Rf1 Ke8 57. Ra1 Rf4 58. a6 Ra7 59. b4 cxb3 60. Ra4 f6 61. exf6 e5 62. Re2 e4 63. Ra5 Kf7 64. Re3 Rxf6 65. Rxb3 Rfxa6 66. Rxd5 Re7 67. Re3 Kf6 68. Rd8 Kf5 69. g3 Kg4 70. Rf8 g5 71. Rf2 Ra1+ 72. Rf1 Rxf1+ 73. Kxf1 Kf5 74. Ra3 Rd7 75. Ra4 Rd5 76. Kf2 Rb5 77. Ra8 Rb2+ 78. Ke3 Rb3+ 79. Kf2 Rf3+ 80. Kg2 Kg4 81. Re8 Rxg3+ 82. Kf2 e3+ 83. Ke2 Kf4 84. d5 Rg2+ 85. Ke1 Rd2 86. Rd8 Ke5 87. Rg8 Kf6 88. Rf8+ Kg7 89. Rd8 h4 0-1

[Event "SVK-chT1W 1213"]
[Site "Slovakia"]
[Date "2013.02.24"]
[Round "9.4"]
[White "Barczi, Tibor"]
[Black "Peitl, Tomas"]
[Result "0-1"]
[WhiteElo "2070"]
[BlackElo "2220"]
[PlyCount "56"]
[EventDate "2012.10.20"]
[EventType "team-tourn"]
[EventRounds "11"]
[EventCountry "SVK"]
[SourceTitle "EXT 2015"]
[Source "ChessBase"]
[SourceDate "2014.11.20"]
[SourceVersion "1"]
[SourceVersionDate "2014.11.20"]
[SourceQuality "1"]
[WhiteTeam "Batorove Kosihy"]
[BlackTeam "Bratislava Slovan III"]
[WhiteTeamCountry "SVK"]
[BlackTeamCountry "SVK"]

1. d4 Nf6 2. g3 g6 3. Bg2 Bg7 4. e4 d6 5. f4 0-0 6. e5 dxe5 7. dxe5 Qxd1+ 8. Kxd1 Ng4 9. Ke2 Nc6 10. Bxc6 bxc6 11. Nd2 f6 12. h3 Nh6 13. exf6 Bxf6 14. Ngf3 Ba6+ 15. c4 Nf5 16. Kf2 c5 17. Rb1 Nd4 18. b3 Bb7 19. Ba3 g5 20. Bxc5 Ne6 21. Be3 gxf4 22. gxf4 Bg7 23. Rhe1 Rad8 24. Bxa7 Nxf4 25. Kg3 Bc3 26. Red1 Rd3 27. Kg4 Bxd2 28. Nxd2 Bc8+ 0-1

[Event "SVK-ch op-A"]
[Site "Banska Stiavnica"]
[Date "2012.07.14"]
[Round "8"]
[White "Pechac, Jergus"]
[Black "Peitl, Tomas"]
[Result "1/2-1/2"]
[WhiteElo "2047"]
[BlackElo "2213"]
[PlyCount "29"]
[EventDate "2012.07.07"]
[EventType "swiss"]
[EventRounds "9"]
[EventCountry "SVK"]
[SourceTitle "CBM 149 Extra"]
[Source "ChessBase"]
[SourceDate "2012.08.24"]
[SourceVersion "1"]
[SourceVersionDate "2012.08.24"]
[SourceQuality "1"]

1. e4 e6 2. b3 d5 3. Bb2 dxe4 4. Nc3 Nf6 5. Qe2 Bb4 6. 0-0-0 Bxc3 7. dxc3 Qe7 8. g4 Bd7 9. Bg2 Bc6 10. h4 a5 11. a4 Qc5 12. c4 e3 13. Bd4 Qa3+ 14. Bb2 Qc5 15. Bd4 1/2-1/2

[Event "SVK-chT1W 1112"]
[Site "Slovakia"]
[Date "2012.01.08"]
[Round "7.4"]
[White "Hartl, Jan"]
[Black "Peitl, Tomas"]
[Result "0-1"]
[WhiteElo "2189"]
[BlackElo "2214"]
[PlyCount "63"]
[EventDate "2011.10.15"]
[EventType "team-tourn"]
[EventRounds "11"]
[EventCountry "SVK"]
[SourceTitle "EXT 2013"]
[Source "ChessBase"]
[SourceDate "2012.11.22"]
[SourceVersion "1"]
[SourceVersionDate "2012.11.22"]
[SourceQuality "1"]
[WhiteTeam "Pezinok"]
[BlackTeam "Bratislava Slovan III"]
[WhiteTeamCountry "SVK"]
[BlackTeamCountry "SVK"]

1. e4 e6 2. d4 d5 3. e5 c5 4. c3 Nc6 5. Nf3 Qb6 6. Bd3 cxd4 7. cxd4 Bd7 8. 0-0 Nxd4 9. Nxd4 Qxd4 10. Nc3 Qb6 11. Qg4 g6 12. a4 Qb4 13. Qh3 a6 14. Bd2 Qe7 15. a5 Bg7 16. Rfe1 Qd8 17. Be3 Ne7 18. Bb6 Qb8 19. f4 0-0 20. Kh1 Qe8 21. Rac1 Rc8 22. Ne2 f6 23. Rxc8 Qxc8 24. Rc1 Nc6 25. Bc5 Rf7 26. Bd6 fxe5 27. fxe5 Qd8 28. Qg3 Qxa5 29. h4 Qd2 30. Rc2 Qd1+ 31. Ng1 Bh6 32. Rc3 0-1

[Event "SVK-chT2A 1112"]
[Site "Slovakia"]
[Date "2011.12.03"]
[Round "5.2"]
[White "Federic, Jozef"]
[Black "Peitl, Tomas"]
[Result "1-0"]
[WhiteElo "2270"]
[BlackElo "2214"]
[PlyCount "51"]
[EventDate "2011.10.08"]
[EventType "team-tourn"]
[EventRounds "11"]
[EventCountry "SVK"]
[SourceTitle "EXT 2013"]
[Source "ChessBase"]
[SourceDate "2012.11.22"]
[SourceVersion "1"]
[SourceVersionDate "2012.11.22"]
[SourceQuality "1"]
[WhiteTeam "Modra II"]
[BlackTeam "Devinska Nova Ves"]
[WhiteTeamCountry "SVK"]
[BlackTeamCountry "SVK"]

1. d4 Nf6 2. g3 d5 3. Bg2 e6 4. Nf3 Be7 5. 0-0 0-0 6. c4 c6 7. Qc2 b6 8. Rd1 Bb7 9. Nc3 Na6 10. Ne5 Nd7 11. Bf4 Nxe5 12. Bxe5 Rc8 13. Qa4 Bd6 14. Bxd6 Qxd6 15. e4 dxc4 16. Qxc4 Rfd8 17. Qe2 Nc7 18. Rac1 Qb4 19. a3 Qb3 20. Rd2 Ba6 21. Qe1 h6 22. Bf3 Nb5 23. Bd1 Nxd4 24. Rxd4 Qxb2 25. Rb1 Qxa3 26. Ra4 1-0

[Event "SVK-chT1W 1011"]
[Site "Slovakia"]
[Date "2011.03.20"]
[Round "9"]
[White "Srvatka, Igor"]
[Black "Peitl, Tomas"]
[Result "1-0"]
[WhiteElo "2205"]
[BlackElo "2186"]
[PlyCount "73"]
[EventDate "2010.11.06"]
[EventType "team-tourn"]
[EventRounds "11"]
[EventCountry "SVK"]
[SourceTitle "EXT 2012"]
[Source "ChessBase"]
[SourceDate "2011.11.24"]
[SourceVersion "1"]
[SourceVersionDate "2011.11.24"]
[SourceQuality "1"]
[WhiteTeam "Dubnica nad Vahom II"]
[BlackTeam "Bratislava Slovan III"]
[WhiteTeamCountry "SVK"]
[BlackTeamCountry "SVK"]

1. d4 Nf6 2. c4 e6 3. g3 Bb4+ 4. Bd2 Qe7 5. Bg2 Nc6 6. a3 Bxd2+ 7. Qxd2 d5 8. Nf3 0-0 9. 0-0 Rd8 10. cxd5 exd5 11. Nc3 Bf5 12. Qf4 Be4 13. Rac1 Rac8 14. Bh3 Ra8 15. b4 a6 16. Na4 Qd6 17. Qd2 Na7 18. Nc5 Rab8 19. Ne5 h6 20. Qc3 Nb5 21. Qb2 c6 22. Nxa6 bxa6 23. Rxc6 Qe7 24. Rfc1 Rd6 25. Rc8+ Rxc8 26. Rxc8+ Kh7 27. a4 Nc7 28. Qc3 Ne6 29. Nc6 Qd7 30. Ne5 Qb7 31. Bxe6 fxe6 32. a5 Qe7 33. f3 Bb1 34. Qc1 Bf5 35. g4 Be4 36. fxe4 Nxe4 37. Rh8+ 1-0

[Event "SVK-chT1W 1011"]
[Site "Slovakia"]
[Date "2011.03.19"]
[Round "8"]
[White "Peitl, Tomas"]
[Black "Helbich, Jan"]
[Result "0-1"]
[WhiteElo "2186"]
[BlackElo "2222"]
[PlyCount "90"]
[EventDate "2010.11.06"]
[EventType "team-tourn"]
[EventRounds "11"]
[EventCountry "SVK"]
[SourceTitle "EXT 2012"]
[Source "ChessBase"]
[SourceDate "2011.11.24"]
[SourceVersion "1"]
[SourceVersionDate "2011.11.24"]
[SourceQuality "1"]
[WhiteTeam "Bratislava Slovan III"]
[BlackTeam "Prievidza II"]
[WhiteTeamCountry "SVK"]
[BlackTeamCountry "SVK"]

1. e4 c5 2. Nf3 d6 3. d4 cxd4 4. Nxd4 Nf6 5. Nc3 a6 6. Bg5 e6 7. f4 Be7 8. Qf3 Qc7 9. 0-0-0 Nbd7 10. g4 b5 11. Bxf6 Nxf6 12. g5 Nd7 13. h4 b4 14. Nce2 Bb7 15. Ng3 0-0-0 16. Bd3 g6 17. Qe2 Qb6 18. Nf3 h6 19. Kb1 Kb8 20. h5 hxg5 21. fxg5 gxh5 22. Nxh5 Rdg8 23. Rdg1 Ka7 24. Ng3 Bxg5 25. Nxg5 Rxg5 26. Rxh8 Qxg1+ 27. Nf1 Rg2 28. Qe1 Nc5 29. Rh7 Qf2 30. Qxf2 Rxf2 31. Rh1 Nxe4 32. Rg1 Kb6 33. Kc1 f5 34. Kd1 Nc5 35. Nd2 Nxd3 36. cxd3 Kc5 37. Nb3+ Kd5 38. Kc1 Bc6 39. Rh1 Bb5 40. Rh4 e5 41. Rh3 f4 42. Nd2 Rg2 43. Ne4 Kd4 44. Nd2 Rg3 45. Rh6 d5 0-1

[Event "SVK-chT1W 1011"]
[Site "Slovakia"]
[Date "2011.02.13"]
[Round "7.4"]
[White "Machalova, Maria"]
[Black "Peitl, Tomas"]
[Result "1-0"]
[WhiteElo "2190"]
[BlackElo "2186"]
[PlyCount "91"]
[EventDate "2010.11.06"]
[EventType "team-tourn"]
[EventRounds "11"]
[EventCountry "SVK"]
[SourceTitle "EXT 2012"]
[Source "ChessBase"]
[SourceDate "2011.11.24"]
[SourceVersion "1"]
[SourceVersionDate "2011.11.24"]
[SourceQuality "1"]
[WhiteTeam "Budmerice"]
[BlackTeam "Bratislava Slovan III"]
[WhiteTeamCountry "SVK"]
[BlackTeamCountry "SVK"]

1. c4 e5 2. Nc3 Nc6 3. g3 g6 4. Bg2 Bg7 5. e3 f5 6. Nge2 Nf6 7. 0-0 d6 8. d4 0-0 9. Rb1 a6 10. b4 Kh8 11. a4 Ne7 12. Ba3 g5 13. dxe5 dxe5 14. Qxd8 Rxd8 15. b5 Ng6 16. bxa6 Rxa6 17. Bxb7 Bxb7 18. Rxb7 Rc6 19. c5 Rd2 20. Rd1 Rxd1+ 21. Nxd1 Bf8 22. a5 Nd7 23. Ndc3 Nxc5 24. Bxc5 Bxc5 25. Nd5 Bd6 26. Nb4 Bxb4 27. Rxb4 Ra6 28. Rb5 Kg7 29. Nc3 c6 30. Rc5 Nf8 31. Rxe5 Kf6 32. Rc5 Ne6 33. Rc4 Rxa5 34. Rxc6 f4 35. exf4 gxf4 36. Kg2 Ke5 37. Rc8 Ra3 38. g4 Rb3 39. h4 Kd4 40. Ne2+ Ke5 41. Rc3 Rb8 42. Kf3 Rb4 43. Ra3 Nc5 44. Nc1 Rd4 45. Ra5 Rd5 46. Rxc5 1-0